[Event "IRI-ch U18"]
[Site "Chess.com INT"]
[Date "2021.01.26"]
[Round "2"]
[White "Baymani, Mohsen"]
[Black "Naseralavi, Seyyedarmin"]
[Result "0-1"]
[WhiteElo "1452"]
[BlackElo "1863"]
[PlyCount "84"]
[EventDate "2021.01.26"]
[EventType "swiss"]
[EventRounds "9"]
[EventCountry "IRI"]
[SourceTitle "CBM 200 Extra"]
[Source "ChessBase"]
[SourceDate "2021.03.31"]
[SourceVersion "1"]
[SourceVersionDate "2021.03.31"]
[SourceQuality "1"]

1. d4 Nf6 2. c4 g6 3. Nc3 Bg7 4. Nf3 0-0 5. g3 d6 6. Bg2 Nc6 7. 0-0 Bf5 8. Re1 Ne4 9. e3 Nxc3 10. bxc3 Be4 11. Bb2 d5 12. cxd5 Qxd5 13. Nh4 Bxg2 14. Nxg2 Rfd8 15. Qc2 Na5 16. e4 Qc6 17. Ne3 Nc4 18. Nxc4 Qxc4 19. Qb3 Qa6 20. Ba3 e6 21. Rab1 b6 22. Be7 Rd7 23. Bg5 c5 24. dxc5 bxc5 25. Red1 Qc6 26. Rxd7 Qxd7 27. Rd1 Qc6 28. f3 h6 29. Be3 c4 30. Qa3 a6 31. Bd4 Rd8 32. Rd2 Qb5 33. Rb2 Qg5 34. f4 Qg4 35. Qa4 Bxd4+ 36. cxd4 Rxd4 37. Rb8+ Kg7 38. Rb1 Qf3 39. Qc2 Qe3+ 40. Kf1 Qxe4 41. Qc3 Qxb1+ 42. Kf2 Qd3 0-1

[Event "IRI-ch U18"]
[Site "Chess.com INT"]
[Date "2021.01.26"]
[Round "8"]
[White "Ghasemi, Abdollah"]
[Black "Naseralavi, Seyyedarmin"]
[Result "1-0"]
[WhiteElo "1799"]
[BlackElo "1863"]
[PlyCount "53"]
[EventDate "2021.01.26"]
[EventType "swiss"]
[EventRounds "9"]
[EventCountry "IRI"]
[SourceTitle "CBM 200 Extra"]
[Source "ChessBase"]
[SourceDate "2021.03.31"]
[SourceVersion "1"]
[SourceVersionDate "2021.03.31"]
[SourceQuality "1"]

1. e4 c5 2. Nf3 Nc6 3. Bb5 g6 4. 0-0 Bg7 5. c3 Nf6 6. Re1 0-0 7. d4 d5 8. e5 Ne4 9. Bxc6 bxc6 10. h3 h6 11. Nbd2 Nxd2 12. Bxd2 cxd4 13. cxd4 Qb6 14. Qc1 Kh7 15. b3 a5 16. Qa3 Re8 17. Rac1 Bd7 18. Qc5 Qa6 19. Rc2 Bf8 20. e6 Bxe6 21. Qxc6 Qd3 22. Re3 Qf5 23. g4 Qf6 24. Rec3 h5 25. Ng5+ Kh8 26. Rf3 Qxd4 27. Bc3 1-0

[Event "IRI-ch U18"]
[Site "Chess.com INT"]
[Date "2021.01.26"]
[Round "9"]
[White "Naseralavi, Seyyedarmin"]
[Black "Mohammadi, Amir Hossein"]
[Result "0-1"]
[WhiteElo "1863"]
[BlackElo "1412"]
[PlyCount "38"]
[EventDate "2021.01.26"]
[EventType "swiss"]
[EventRounds "9"]
[EventCountry "IRI"]
[SourceTitle "CBM 200 Extra"]
[Source "ChessBase"]
[SourceDate "2021.03.31"]
[SourceVersion "1"]
[SourceVersionDate "2021.03.31"]
[SourceQuality "1"]

1. d4 d5 2. c4 c6 3. Nc3 Nf6 4. e3 Bf5 5. Nf3 e6 6. Nh4 Bg6 7. Be2 Nbd7 8. 0-0 Bd6 9. f3 e5 10. dxe5 Nxe5 11. cxd5 Nxd5 12. Nxd5 Qxh4 13. g3 Qh3 14. Nc3 Rd8 15. Qb3 h5 16. f4 h4 17. Rf2 hxg3 18. Rg2 gxh2+ 19. Kh1 Qxg2+ 0-1